Implementácia outsourcingu vo vybranom podniku bakalárska práca

Gespeichert in:
Bibliographische Detailangaben
1. Verfasser: Fertaľ, Sabrian
Körperschaft: Fakulta podnikového manažmentu EU. Katedra manažmentu
Weitere Verfasser: Záležáková, Eliška
Format: Buch
Sprache:Slowakisch
Veröffentlicht: Bratislava 2021
Tags: Tag hinzufügen
Keine Tags, Fügen Sie das erste Tag hinzu!

MARC

LEADER 00000nbm a2200000 4500
001 0275554
005 20211108114508.2
041 0 |a slo 
044 |a SK 
245 1 0 |a Implementácia outsourcingu vo vybranom podniku  |b bakalárska práca  |c Sabrian Fertaľ ; školiteľ: Eliška Záležáková 
264 1 |a Bratislava  |c 2021 
300 |a 52 s. 
100 1 |a Fertaľ, Sabrian 
700 1 |a Záležáková, Eliška 
710 2 |a Fakulta podnikového manažmentu EU. Katedra manažmentu